000
00295nam a2200109Ia 4500
005
20251222114406.0
008
251222s1900||||xx |||||||||||||| ||spa||
082
_a
DVD0092/S25N/2006
245
0
_a
Nuestra Señora de la Merced
264
_b
Castillejo, Christian. Salas Delgado, Raúl
942
_c
DVD
999
_c
1856
_d
1856